• 首页
  • 本馆介绍
  • 公告通知
  • 最新文献
  • 馆藏检索
  • 电子资源
  • 读者导购
  • 参考咨询
  • 我的图书馆
  • 登录
  • 详细信息显示
  • 放入我的书架
  • 预约/预借图书
  • 作者相关作品
  • 分类相关作品
  • 丛书相关作品
  • 出版社相关作品

书目信息

  • 表格格式
  • 工作单格式
  • 卡片格式
题名:
中外园林的历史渊源与嬗变研究
    
 
作者: 樊丽 著
分册:  
出版信息: 北京   中国水利水电出版社  2018
页数: 286页
开本: 24cm
丛书名:
单 册:
中图分类: TU-098.41
科图分类:
主题词: 园林建筑--yuan lin jian zhu--建筑史--研究--世界
电子资源:
ISBN: 978-7-5170-5458-0
000 01143nam0 2200265 450
001 012001003096
005 20191204103247.65
010    @a978-7-5170-5458-0@dCNY56.00
099    @aCAL 012018121476
100    @a20180929d2018 em y0chiy50 ea
101 0  @achi
102    @aCN@b110000
105    @aa a 000yy
106    @ar
200 1  @a中外园林的历史渊源与嬗变研究@Azhong wai yuan lin de li shi yuan yuan yu shan bian yan jiu@f樊丽著
210    @a北京@c中国水利水电出版社@d2018
215    @a286页@c图 (部分彩图)@d24cm
320    @a有书目 (第285-286页)
330    @a本书针对不同时期,不同国家,不同体系的园林艺术,详细且全面地研究分析了中外园林艺术的历史发展、结构演变、代表人物、经典作品等。主要内容包括:园林的界定与形成背景、性质与功能、研究的现实意义;中国古典园林的类型、艺术特点、美学思想及空间观念;不同时期中国古典园林的发展历史与风格嬗变;不同时期外国园林的发展历史与风格嬗变等。
333    @a园林建筑史研究人员及相关读者。
606 0  @a园林建筑@Ayuan lin jian zhu@x建筑史@x研究@y世界
690    @aTU-098.41@v4
701  0 @a樊丽@Afan li@4著
801  0 @aCN@b北京卓展@c20191020
905    @b1210372-4@dTU-098.41@e212@f3
    
    中外园林的历史渊源与嬗变研究/樊丽著.-北京:中国水利水电出版社,2018
    286页:图 (部分彩图);24cm
    使用对象:园林建筑史研究人员及相关读者。
    
    ISBN 978-7-5170-5458-0:CNY56.00
    本书针对不同时期,不同国家,不同体系的园林艺术,详细且全面地研究分析了中外园林艺术的历史发展、结构演变、代表人物、经典作品等。主要内容包括:园林的界定与形成背景、性质与功能、研究的现实意义;中国古典园林的类型、艺术特点、美学思想及空间观念;不同时期中国古典园林的发展历史与风格嬗变;不同时期外国园林的发展历史与风格嬗变等。
●
相关链接 在E读中查询图书 在五车中查询图书 在当当中查询图书 在豆瓣中查询图书


正题名:中外园林的历史渊源与嬗变研究     索取号:TU-098.41/212         预约/预借

序号 登录号 条形码 馆藏地/架位号 状态 备注
1 1210372   212103720   第二样本阅览室/ [索取号:TU-098.41/212] 在馆    
2 1210373   212103739   第三借阅区/ [索取号:TU-098.41/212] 在馆    
3 1210374   212103748   第三借阅区/ [索取号:TU-098.41/212] 在馆    
唐山师范学院图书馆 欢迎您!
大连网信软件有限公司© 版权所有